000 00520nam a2200217Ia 4500
003 OSt
005 20221007082212.0
006 a|||||r|||| 00| 0
007 ta
008 221006b |||||||| |||| 00| 0 eng d
024 _a28,787
037 _cTextual
040 _aFLL
_cFLL
_beng
041 _2eng
_aeng
082 _aZ8k, H6.1
245 0 _aLaw of the Australian capital territory
260 _c1939
300 _axcii,1107p
_ccm.
942 _hZ8k, H6.1
_cTEXL
_2CC
999 _c1165646
_d1165646